000
00347nam a2200133Ia 4500
008
100328s9999 xx 000 0 und d
082
_b
44360
100
_a
सहस्त्रबुदे नलिनी
245
_a
मृगया
260
_b
मृगया
630
_a
मृगया
730
_a
मृगया
942
_c
BOOK
999
_c
532642
_d
532639